000 00589nam a22001937a 4500
999 _c3993
_d3993
003 GBCCL
005 20241126110508.0
008 171219b xxu||||| |||| 00| 0 eng d
020 _a0801060362
040 _cgbc
082 _a252.6
_bMOR
100 _aMorrison, George H.
_97754
245 _aThe Footsteps of the Flock:
_b104 Morning and Evening Expositions for Each Sunday of the Year /
_cGeorge H. Morrison
260 _aMichigan:
_bBaker Book House,
_c1977
300 _a388 p.;
_c18 cm.
440 _aMinister's Paperback Library
_97755
650 _aSermons
_96067
942 _2ddc
_cBK